MDQL
is popping MORE tags! Check the
thread
!
Quizzes
Events
Quiz Creation
Community
Videos
Private Events
Remove Ads
Sign In
Join for FREE
Feedback
Dark Mode
Quiz Categories
Sports
Geography
Music
Movies
Television
Just For Fun
Miscellaneous
History
Literature
Language
Science
Gaming
Entertainment
Religion
Holiday
For Kids
Quiz Lab
Recent
Popular Today
Quiz Kudos Today
Editor Picks
Curator Picks
Quizzes by...
Day
Popularity
Type
Ratings
Length
Year
Community
Subscriptions
Recent Discussions
Orange Saloon
Badges
Playlists
Quests
Create
Leaderboards
Showdown
Live 5
Trivia Bingo
Activity
Puzzle Library
Sporcle Events
Private Events
Virtual Trivia
Globe League
Become a Host
Pub Owners
SporcleCon
Opinionation
Our Games
Videos
Blog
Mobile Apps
Partnerships
Remove Ads and Go Orange
Feedback
Just For Fun
Clickable
Get the Picture
Humor
Quick Pick
Word Ladder
Missing Word
Mixed Word
Blitz
Minefield
This or That
Alphabet
Color
Typing
Sporcle
Puzzle
Word Play
Follow That Line
Logic
Just For Fun
Clickable
Get the Picture
Humor
Quick Pick
Word Ladder
Missing Word
Mixed Word
Blitz
Minefield
This or That
Alphabet
Color
Typing
Sporcle
Puzzle
Word Play
Follow That Line
Logic
Random Quiz
Search Sporcle
×
Quiz Lab
Quiz Lab
Just For Fun
Person
Type in answers that appear in a list
Type in answers that appear in a list
Classic
Best Score? Go Orange.
Blackout Moments Stats
Can you name the Blackout Moments?
By
991Dana
4m
16 Questions
3 Plays
3 Plays
3 Plays
Comments
Comments
Give Quiz Kudos
Give Quiz Kudos
-
- Ratings
hide this ad
Forced Order
Answers have to be entered in order
Answers have to be entered in order
Replay
Link that replays current quiz
Next Quiz
Link to next quiz in quiz playlist
You Got
0%
They Got
Avg Score
68%
Avg Friend Score
Upgrade to see
Score Distribution
Jump to the score distribution portion of the page
Score
0/16
Timer
04:00
0
Plays Today
Blackout Moments
Person
% Correct
Walked to UC when Trying to Return to Brockman
Kevin Baran
100%
Backed up Car into Danas
Dani Schwagger
66.7%
Camped out for Two Days for Crosstown Shootout Tickets, Passed out at Half
Chris Foley
66.7%
Arrested for Disorderly Conduct
Mike Burmaster
66.7%
Threw up on Girlfriend in Danas
Joe Freytag
66.7%
Bought a Dozen Subway Cookies when High
Jay Riley
66.7%
Fell Asleep on Dog Infested Coach, when Allergic
Mike Burmaster
66.7%
Walked Home from Mount Adams
Ben Opperman
66.7%
Blackout Moments
Person
% Correct
Telling Officers 'Arrest me, my Parents don't Care about me'.
Mia Carosi
66.7%
Woke up in Brockman, when a Junior.
Rachel Grady
66.7%
Squatted to go Bathroom, in the middle of a corn field, crying while guys wrestling.
Kaitlin Zinn
66.7%
Took a Shower on all Three Floors of 991, in one night.
Kevin Tierney
66.7%
Spotted with a girl outside his house, told her to 'RUN!' and frantically ran in his house alone.
Alex Burkhart
66.7%
Fell on his face on the pavement at Pig Roast
Chris Foley
66.7%
Fell on his face in front of Edgecliff Hall and chipped his/
her tooth
Mike Clifford
66.7%
Fired an assult riffle above his head on his birthday, wildly in the direction of horses
Joe Head
66.7%
Quiz Playlist
Details
Report
Send in Message
Add To Playlist
Classic:
Type in answers that appear in a list
Forced Order:
Answers have to be entered in order
Last Updated: Feb 16, 2017
Quiz Scoreboard
CHALLENGE
Sign Up to Join the Scoreboard
Show All
Scores
Hide
Comments
May contain spoilers
Recently Published
Find the 'City' Movie
by crazypaving
Movies
60s
5x2 Blitz: Bands
by SL_Kpop136
Music
30s
Colored Red Africa Blitz
by spor1
Geography
30s
More to Explore
Quiz From the Vault
Featured Blog Post
14 Easter Pick-up Lines to Find Eggs With
hide this ad
You Might Also Like...
Tags
moment
Person
Today's Top Quizzes in Just For Fun
Browse Just For Fun
hide this ad
Today's Top Quizzes in Person
Browse Person
Top Contributed Quizzes in Just For Fun
1
Name Just One - 10 to 1: Just For Fun
2
Avatar the Last Airbender: Logic Puzzle
3
Missing Word: 2-Letter A-Z II
4
Missing Letter Whitney Houston Songs
5
Survivor Winners Logic Puzzle
6
It's Magic / Witchcraft 🎩🪄🧙♀️
7
Missing Word: 'Of' Things A-Z
8
Shadowhunters Protagonists Logic Quiz
9
Quick 5-Color Logic (18)
10
Medium Renzoku Puzzle 11
Explore More
Trending Topics
Harry Potter
Anime
NBA
Crossword
Marvel
Disney
Kpop
Song
WWE
Pokémon
Soccer
Puzzle
Country
The Office
NFL
hide this ad
More By:
991Dana
Quiz
Plays
Rating
Category
Featured
Created
Entourage: Which Character
2,299
5.00
Television
Aug 10, 2010
Multiple Quentin Tarantino Movies
1,047
1.19
Movies
Apr 20, 2010
Band Names in Other Words
276
1.00
Music
Sep 27, 2010
2009-10 Xavier Basketball Roster
114
Sports
Apr 17, 2010
Blackout Moments
3
5.00
Just For Fun
May 2, 2010
Go to Creator's Profile
Score Distribution
Quiz Creator Spotlight
991Dana
Follow
Send a Message
Quizzes Created
-
Created Quiz Play Count
-
More By This Creator
Popular Quizzes Today
1
Colored Red Africa Blitz
2
Find the 'City' Movie
3
Find the US States - No Outlines Minefield
4
5x2 Blitz: Bands
5
The Countries of the World
6
Find the US States
7
US States
8
Find the Countries of Europe - No Outlines Minefield
More Just For Fun Quizzes
Quick Pick: RWC Teams that beat the Champs
Quiz Lab
Trending Quizzes
Colored Red Europe Blitz I
Colored Red Africa Blitz II
Colored Red Europe Blitz II
Colored Red Europe Blitz III
Colored Red Africa Blitz III
Recently Updated
How Do You Spell That?
pecheneg
Godzilla Movies
pecheneg
Grab Bag: 4-10 Letters
pecheneg
2024 March Madness Bracket
pecheneg
Famous TV Couples
Peacemaker
Champions League XIs: Real Madrid
pecheneg
Largest US Cities 1790-2010
pecheneg
Rides in Walt Disney World
pecheneg
Most Oscar Losses (Acting)
pecheneg
Beyoncé Albums
pecheneg
Trending Topics
Disney
NBA
Kpop
Anime
Crossword
Harry Potter
Marvel
NFL
Pokémon
Soccer
The Office
WWE
Puzzle
Song
Country
Your Account Isn't Verified!
In order to create a playlist on Sporcle, you need to verify the email address you used during registration. Go to your
Sporcle Settings
to finish the process.
Report this User
Report this user for behavior that violates our
Community Guidelines
.
Details:
Send Report
Go to the Sporcle.com Mobile Site →
Comments